| 000 | 00423nam a2200169Ia 4500 | ||
|---|---|---|---|
| 005 | 20240921143548.0 | ||
| 008 | 240921s9999||||xx |||||||||||||| ||und|| | ||
| 041 | _aENGLISH | ||
| 082 | _A621.815 M6 | ||
| 100 | _aShigley,joseph Edward | ||
| 245 | 0 | _aMechanical Engineering Design | |
| 250 | _aIst | ||
| 260 |
_c1986 _bMcGraw Hill , Ne |
||
| 650 |
_aMechanical Engineering _bMechanical |
||
| 942 | _cBB | ||
| 999 |
_c247877 _d247877 |
||